Scenario planning : managing for the future

Αποθηκεύτηκε σε:
Λεπτομέρειες βιβλιογραφικής εγγραφής
Κύριος συγγραφέας: Ringland, Gill
Μορφή: Βιβλίο
Γλώσσα:English
Δημοσίευση: Chichester : John Wiley & sons, c1998
Θέματα:
Ετικέτες: Προσθήκη ετικέτας
Δεν υπάρχουν, Καταχωρήστε ετικέτα πρώτοι!

MARC

LEADER 00000nam a2200000 i 4500
001 1/16132
008 980717s1998 eng d
020 |a 0-471-97790-X 
035 |l 10020087 
040 |a GR-MY-UA  |b gre  |e aacr 
041 0 |a eng 
082 0 |a 658.4012 
100 1 |a Ringland, Gill. 
245 1 0 |a Scenario planning :  |b managing for the future /  |c Gill Ringland 
260 |a Chichester :   |b John Wiley & sons,   |c c1998 
300 |a 407 p.  |b fig. 
650 0 0 |a Strategic planning. 
650 0 0 |a Decision making. 
650 0 0 |a Communication in management. 
650 0 0 |a Business planning. 
852 |a INST  |b LESVOS  |e 19980717  |h 658.4012 RIN  |p 005100013647  |q 005100013647  |t BK  |y 0 
901 |a BIBL-1998-2 
909 |a Λ  |b 058415 
922 |a 1ΕΛΗ  |b 199807  |c ΚΠΣ/ΤΠ  |d ΠΑΠΑΣΩΤΗΡΙΟΥ 
950 |a 107-1998-05-19